000 00574pam a2200217 a 4500
001 4749657
005 20180109043715.0
008 850131s1985 enka b 001 0 eng
010 _a 85001432
020 _a0631137866 :
_c$39.95
040 _aDLC
_cDLC
_dDLC
041 _aeng
080 _a330.09 DAS
082 0 0 _a330.09 DAS
_219
100 1 _a52
101 _aEKO
245 1 0 _aEpochs of economic theory /
_cA.K. Dasgupta.
504 _aIncludes bibliographical references and index.
906 _a7
_bcbc
_corignew
_d1
_eocip
_f19
_gy-gencatlg
942 _2ddc
_cBK
999 _c39877
_d39877